LEADER 01087nas a2200253 i 4500 001 000000214868 003 CaOOAMICUS 005 20130319000000.0 008 120801b2012 it uu u0 0ita r 013 $a193740 020 $a978-88-307-2082-4 040 $aSeMil$bita 245 13$aIl Vaticano 2. e la missione :$bcon "Ad gentes", oltre "Ad gentes" ; Evangelizzare. 260 $aBologna :$bEMI-SERMIS,$c2012. 300 $a128 p. ;$c24 cm. 500 $aTitoli dalla copertina. - Articoli con sintesi in italiano [Sommario] e in inglese [Summary] in coda. 773 0 $tAd Gentes.$dBologna : EMI, 1997.$w()3218 774 0 $t[vedi periodico].$w()277636 850 $aSeMil 852 $aSeMil$W1$xVenegono$y1$m200 2 41$j165289$B165289$CSeMilBibl$Z2$F180486 $85 961 $aCambio: Scuola Cattolica 996 $6020$a978-88-307-2082-4$9(OLS)http://semarc/number/211241 996 $6245$aIl Vaticano 2. e la missione :$bcon "Ad gentes", oltre "Ad gentes" ; Evangelizzare$9(OLS)http://semarc/title/309553 996 $6260$aBologna :$bEMI-SERMIS$9(OLS)http://semarc/publisher/44411 LEADER 01153nam a2200277 i 4500 001 000000105825 003 CaOOAMICUS 005 20100428000000.0 008 100428s1998 it u000 u ita u 013 $a78019 020 $a88-86881-21-5 040 $aSeMil$bita 100 1 $aPezzini, Domenico,$d<1937-2021>.$0(OLS)http://semarc/name/7876 245 10$aAlle porte di Sion :$bvoci di omosessuali credenti /$cDomenico Pezzini. 260 $aSaronno :$bMonti,$c1998. 300 $a191 p. ;$c21 cm. 490 0 $aNei panni degli altri ;$v6. 500 $aIn Appendice : Scheda di presentazione del gruppo ""La Fonte". 650 4$aOmosessualità.$0(OLS)http://semarc/subject/8978 830 0$aNei panni degli altri ;$v6.$0(OLS)http://semarc/title/8240 850 $aSeMil 852 $aSeMil$W1$xVenegono$y1$m2F III 260$j61987$B61987$CSeMilBibl$Z2$F75441 $81 961 $aOmaggio: Fumagalli don Aristide 996 $6020$a88-86881-21-5$9(OLS)http://semarc/number/86099 996 $6245$aAlle porte di Sion :$bvoci di omosessuali credenti$9(OLS)http://semarc/title/153292 996 $6260$aSaronno :$bMonti$9(OLS)http://semarc/publisher/31680